Rob & Smith's Operative surgery. (Record no. 3888)
[ view plain ]
| 000 -LEADER | |
|---|---|
| fixed length control field | 00850nam a2200265 a 4500 |
| 003 - CONTROL NUMBER IDENTIFIER | |
| control field | UkOxU |
| 005 - DATE AND TIME OF LATEST TRANSACTION | |
| control field | 20220317140439.0 |
| 008 - FIXED-LENGTH DATA ELEMENTS--GENERAL INFORMATION | |
| fixed length control field | 940218s1994 enka 001 0 eng d |
| 020 ## - INTERNATIONAL STANDARD BOOK NUMBER | |
| International Standard Book Number | 0412586304 |
| 040 ## - CATALOGING SOURCE | |
| Transcribing agency | ALUPE UNIVERSITY COLLEGE |
| 050 ## - LIBRARY OF CONGRESS CALL NUMBER | |
| Classification number | RD31 |
| Item number | .V37 1994 |
| 092 ## - LOCALLY ASSIGNED DEWEY CALL NUMBER (OCLC) | |
| Classification number | D0501450255 |
| 100 1# - MAIN ENTRY--PERSONAL NAME | |
| Personal name | Rob, Charles. |
| 245 10 - TITLE STATEMENT | |
| Title | Rob & Smith's Operative surgery. |
| Name of part/section of a work | Vascular surgery. |
| 250 ## - EDITION STATEMENT | |
| Edition statement | 5th ed. / |
| Remainder of edition statement | edited by Crawford W. Jamieson, James S.T. Yao. |
| 260 ## - PUBLICATION, DISTRIBUTION, ETC. | |
| Place of publication, distribution, etc. | London : |
| Name of publisher, distributor, etc. | Chapman & Hall Medical, |
| Date of publication, distribution, etc. | 1994. |
| 300 ## - PHYSICAL DESCRIPTION | |
| Extent | 676 p. : |
| Other physical details | ill. ; |
| Dimensions | 28 cm. |
| 504 ## - BIBLIOGRAPHY, ETC. NOTE | |
| Bibliography, etc. note | Includes bibliographical references and index. |
| 650 #0 - SUBJECT ADDED ENTRY--TOPICAL TERM | |
| Topical term or geographic name entry element | Blood-vessels |
| General subdivision | Surgery. |
| 700 1# - ADDED ENTRY--PERSONAL NAME | |
| Personal name | Smith of Marlow, Rodney Smith, |
| Titles and other words associated with a name | Baron, |
| Dates associated with a name | 1914- |
| 700 1# - ADDED ENTRY--PERSONAL NAME | |
| Personal name | Jamieson, Crawford, |
| Dates associated with a name | 1937- |
| 700 1# - ADDED ENTRY--PERSONAL NAME | |
| Personal name | Yao, James S. T. |
| 942 ## - ADDED ENTRY ELEMENTS (KOHA) | |
| Source of classification or shelving scheme | |
| Koha item type | Book |
| Suppress in OPAC | SO |
| Withdrawn status | Lost status | Source of classification or shelving scheme | Damaged status | Not for loan | Permanent Location | Current Location | Shelving location | Date acquired | Source of acquisition | Total Checkouts | Full call number | Barcode | Date last seen | Price effective from | Koha item type | Public note |
|---|---|---|---|---|---|---|---|---|---|---|---|---|---|---|---|---|
| AU LIBRARY | AU LIBRARY | Open Shelf | 18.02.2022 | DONATION FROM MOI UNIVERSITY | RD31 .V37 1994 | 28005568 | 18.02.2022 | 18.02.2022 | Book | SO |